| 000 | 00000nam 2200000zi 4500 |
| 001 | 9.949591 |
| 003 | CaOODSP |
| 005 | 20250818103735 |
| 006 | m o d f |
| 007 | cr mn||||||||| |
| 008 | 250327e20250218quc o f000 0 eng d |
| 020 | |a9780660766973 |
| 040 | |aCaOODSP|beng|erda|cCaOODSP |
| 041 | 0 |aeng|beng|bfre |
| 043 | |an-cn--- |
| 086 | 1 |aCH4-211/2025E-PDF |
| 245 | 00|aStudy on the sport experiences of Official Language Minority Communities (OLMCs) : |bfinal report / |cprepared for Sport Canada. |
| 246 | 17|aFull methodological report : |bstudy on the sport experiences of Official Language Minority Communities (OLMCs) |
| 264 | 1|aGatineau, Quebec : |bCanadian Heritage = Patrimoine canadien, |c2025-02-18. |
| 264 | 4|c©2025 |
| 300 | |a1 online resource (38 unnumbered pages) |
| 336 | |atext|btxt|2rdacontent |
| 337 | |acomputer|bc|2rdamedia |
| 338 | |aonline resource|bcr|2rdacarrier |
| 500 | |aCover title. |
| 500 | |a"Contract Number C1111-24-0342/CW2383439." |
| 500 | |a"Supplier name Vox Pop Labs Inc." |
| 500 | |a"POR # 077-24." |
| 500 | |aIssued also in French under title: Les expériences sportives des communautés de langue officielle en situation minoritaire (CLOSM). |
| 520 | |a"The specific objectives of this study were: to provide timely, pertinent data, which will contribute to Sport Canada's understanding of Official Language Minority Communities (OLMC) perceptions of sport; and to provide data that will permit a better understanding of Canadians on broader official languages policy issues and funding decision-making"--Executive summary, page [5]. |
| 546 | |aIncludes questionnaire in English and French. |
| 650 | 0|aLanguage policy|zCanada|xPublic opinion. |
| 650 | 0|aMinorities in sports|zCanada|xPublic opinion. |
| 650 | 0|aLinguistic minorities|zCanada|xAttitudes. |
| 650 | 0|aPublic opinion|zCanada. |
| 710 | 2 |aSport Canada, |eissuing body. |
| 710 | 2 |aVox Pop Labs Inc., |econsultant. |
| 775 | 08|tLes expériences sportives des communautés de langue officielle en situation minoritaire (CLOSM) : |w(CaOODSP)9.949592 |
| 856 | 40|qPDF|s628 KB|uhttps://publications.gc.ca/collections/collection_2025/pch/CH4-211-2025-eng.pdf|zFinal report |
| 856 | 4 |qHTML|sN/A|uhttps://epe.bac-lac.gc.ca/100/200/301/pwgsc-tpsgc/por-ef/canadian_heritage/2025/077-24-e/077-24-report.html|zFinal report |
| 856 | 4 |qHTML|sN/A|uhttps://epe.bac-lac.gc.ca/100/200/301/pwgsc-tpsgc/por-ef/canadian_heritage/2025/077-24-e/index.html|zComplete data set |